Loading...
| Fine Arts - Classical Music | 0 | 7 | 1 | 1 | 65 | 41 | 70.43 | 3 | 5 | 0.00 | 0.00 |
| Literature - British | 0 | 5 | 0 | 0 | 50 | 52 | 91.80 | 2 | 4 | 0.00 | 0.00 |
| Philosophy | 0 | 5 | 1 | 0 | 45 | 36 | 59.40 | 3 | 5 | 0.00 | 0.00 |
| Literature - World | 0 | 4 | 0 | 0 | 40 | 78 | 104.50 | 0 | 2 | 0.00 | 0.00 |
| History - Other | 0 | 4 | 1 | 1 | 35 | 102 | 118.00 | 1 | 1 | 0.00 | 0.00 |
| Religion | 0 | 3 | 1 | 1 | 25 | 64 | 91.33 | 0 | 1 | 0.00 | 0.00 |
| History - American | 0 | 2 | 0 | 0 | 20 | 101 | 113.00 | 1 | 2 | 0.00 | 0.00 |
| History - European | 0 | 2 | 0 | 0 | 20 | 53 | 74.50 | 0 | 2 | 0.00 | 0.00 |
| Mythology | 0 | 2 | 0 | 1 | 20 | 133 | 133.00 | 0 | 0 | 0.00 | 0.00 |
| History - World | 0 | 2 | 1 | 0 | 15 | 33 | 73.50 | 1 | 1 | 0.00 | 0.00 |
| Fine Arts - Painting & Sculpture | 0 | 1 | 0 | 0 | 10 | 120 | 120.00 | 0 | 0 | 0.00 | 0.00 |
| Science - Biology | 0 | 1 | 0 | 1 | 10 | 125 | 125.00 | 0 | 0 | 0.00 | 0.00 |
| Social Science | 0 | 1 | 1 | 0 | 5 | 96 | 96.00 | 0 | 1 | 0.00 | 0.00 |
| Fine Arts - Other | 0 | 1 | 1 | 0 | 5 | 75 | 75.00 | 1 | 1 | 0.00 | 0.00 |
| Literature - European | 0 | 1 | 1 | 0 | 5 | 80 | 80.00 | 0 | 1 | 0.00 | 0.00 |